000 00334nam a2200133Ia 4500
008 240624s9999 xx 000 0 und d
041 _aeng
082 _a005.3 CUS
100 _aCUSUMANO MICHAEL A
245 _aBUSINESS OF SOFTWARE WHAT EVERY MANAGER
260 _c2004
_aNew York
_bFree Press
300 _a352 : p.
365 _c
_b25
999 _c21427
_d21427